000 00788nam a2200289Ia 4500
003 OSt
005 20240527154808.0
008 210210b1922 xxu||||| |||| 00| 0 eng d
040 _cAL
041 _aeng
082 _a954/675
100 _aIndia, (Archaeological Survey of)
_9168074
245 _aArchaeological Survey of India:Annual report 1919-20 Part I
260 _aCalcutta
_bSuperintendent Government Printing
_c1922
300 _a88
650 _aSurvey
_9168075
650 _areport
_9168076
650 _aPart
_9168077
650 _aIndia:Annual
_9168078
650 _aI
_9168079
650 _aArchaeological
_9168080
650 _a1919-20
_9168081
690 _aIndian History
_9168082
700 _aMARSHALL (John)
_9168083
906 _a002175
942 _2ddc
_cBK
999 _c121111
_d121111